000 00604nam a2200241Ia 4500
003 OSt
005 20220930190236.0
006 a|||||r|||| 00| 0
007 ta
008 220926b |||||||| |||| 00| 0 mal d
024 _a58953
037 _cTextbook
040 _aCRL
_cCRL
_bmal
041 _2mal
_amal
082 _aV222:1:J, 32J0
100 _aSyed Mohammed Au.
_9558675
245 0 _aKeralam noothandukalkku munpu
260 _c1950
300 _a108p.
_ccm.
650 _aHISTORY
942 _hV222:1:J, 32J0
_cTB
_2CC
999 _c891856
_d891856